[Event "WYCC 2018 O18"]
[Site "Halkidiki"]
[Date "2018.10.24"]
[Round "6"]
[White "Parvanyan, Ashot"]
[Black "Goncalves, Davi Sulzbacher"]
[Result "1-0"]
[WhiteElo "2428"]
[BlackElo "2177"]
[Annotator "RC"]
[PlyCount "107"]
[EventDate "2018.10.20"]
[EventType "swiss"]
[EventCountry "GRE"]
[SourceTitle "playchess.com"]
[Source "ChessBase"]
[SourceQuality "1"]
[TimeControl "40/5400+30:1800+30"]

1. Nf3 {[%emt 0:00:00]} c5 {[%emt 0:00:00]} 2. c4 {[%emt 0:00:34]} Nc6 {[%emt 0:00:27]} 3. d4 {[%emt 0:00:43]} cxd4 {[%emt 0:00:19]} 4. Nxd4 {[%emt 0:00:08]} Nf6 {[%emt 0:04:14]} 5. Nc3 {[%emt 0:00:32]} e6 {[%emt 0:01:26]} 6. g3 {[%emt 0:01:55]} Bc5 {[%emt 0:01:22]} 7. Nb3 {[%emt 0:03:15]} Be7 {[%emt 0:01:41]} 8. Bg2 {[%emt 0:06:42]} d6 {[%emt 0:01:31]} 9. O-O {[%emt 0:01:22]} O-O {[%emt 0:00:27]} 10. Nd4 {[%emt 0:03:02]} Bd7 {[%emt 0:04:58]} 11. Ndb5 {[%emt 0:07:57]} Qb8 {[%emt 0:05:22]} 12. Bf4 {[%emt 0:05:30]} Ne5 {[%emt 0:01:54]} 13. b3 {[%emt 0:09:48]} a6 {[%emt 0:03:40]} 14. Nd4 {[%emt 0:00:27]} Rc8 {[%emt 0:06:48]} 15. Rc1 {[%emt 0:04:57]} Ra7 {[%emt 0:02:11]} 16. a4 {[%emt 0:08:57]} b6 {[%emt 0:02:30]} 17. Qd2 {[%emt 0:06:31]} Ng6 {[%emt 0:04:02]} 18. Be3 {[%emt 0:00:28]} Ng4 {[%emt 0:00:46]} 19. Bg5 {[%emt 0:00:52]} Nf6 {[%emt 0:06:40]} 20. h3 {[%emt 0:05:14]} h6 {[%emt 0:00:59]} 21. Be3 {[%emt 0:01:00]} Rac7 {[%emt 0:00:59]} 22. f4 {[%emt 0:07:25]} Nh5 {[%emt 0:21:45]} 23. g4 {[%emt 0:07:27]} Nhxf4 {[%emt 0:01:57]} 24. Bxf4 {[%emt 0:01:00]} e5 {[%emt 0:00:59]} 25. Nd5 {[%emt 0:02:00]} exf4 {[%emt 0:00:27]} 26. Nxe7+ {[%emt 0:06:17]} Nxe7 {[%emt 0:00:02]} 27. Qxf4 {[%emt 0:00:08]} Be8 {[%emt 0:00:32]} 28. Qxd6 {[%emt 0:01:02]} Rd8 {[%emt 0:00:43]} 29. Qf4 {[%emt 0:00:07]} Ng6 {[%emt 0:00:54]} 30. Qf2 {[%emt 0:00:10]} Rd6 {[%emt 0:01:58]} 31. Nf5 {[%emt 0:00:51]} Rf6 {[%emt 0:03:20]} 32. Nxh6+ {[%emt 0:00:23]} Kh7 {[%emt 0:00:07]} 33. Nf5 {[%emt 0:00:08]} Re7 {[%emt 0:00:43]} 34. g5 {[%emt 0:03:31]} Rxf5 {[%emt 0:00:19]} 35. Qxf5 {[%emt 0:00:03]} Rxe2 {[%emt 0:01:57]} 36. Rf2 {[%emt 0:03:14]} Re5 {[%emt 0:00:36]} 37. Qg4 {[%emt 0:00:19]} Re3 {[%emt 0:00:33]} 38. Rf3 {[%emt 0:03:20]} Qe5 {[%emt 0:00:16]} 39. Rcf1 {[%emt 0:00:41]} Re4 {[%emt 0:01:05]} 40. Qg3 {[%emt 0:00:00]} Qc5+ {[%emt 0:00:00]} 41. Qf2 {[%emt 0:05:53]} Qe7 {[%emt 0:03:52]} 42. Rxf7 {[%emt 0:16:12]} Bxf7 {[%emt 0:00:58]} 43. Bxe4 {[%emt 0:00:04]} Qxe4 {[%emt 0:00:24]} 44. Qxf7 {[%emt 0:00:07]} Qe3+ {[%emt 0:00:51]} 45. Qf2 {[%emt 0:01:44]} Qxg5+ {[%emt 0:05:12]} 46. Kh2 {[%emt 0:01:48]} Qe5+ {[%emt 0:02:51]} 47. Qg3 {[%emt 0:00:10]} Qb2+ {[%emt 0:01:50]} 48. Rf2 {[%emt 0:00:09]} Qd4 {[%emt 0:00:09]} 49. Qf3 {[%emt 0:05:19]} Qe5+ {[%emt 0:00:24]} 50. Kh1 {[%emt 0:00:40]} Qe1+ {[%emt 0:00:56]} 51. Rf1 {[%emt 0:00:07]} Qe5 {[%emt 0:01:36]} 52. Qf5 {[%emt 0:00:28]} Qe8 {[%emt 0:04:15]} 53. Rg1 {[%emt 0:00:42]} Qc6+ {[%emt 0:00:13]} 54. Qd5 {[%emt 0:00:21]} 1-0

[Event "WYCC 2018 O18"]
[Site "Halkidiki"]
[Date "2018.10.24"]
[Round "6"]
[White "Bronstein, Or"]
[Black "Nguyen, Thai Dai Van"]
[Result "0-1"]
[WhiteElo "2385"]
[BlackElo "2556"]
[Annotator "TA"]
[PlyCount "122"]
[EventDate "2018.10.20"]
[EventType "swiss"]
[EventCountry "GRE"]
[SourceTitle "playchess.com"]
[Source "ChessBase"]
[SourceQuality "1"]

{[%evp 11,122,10,14,0,1,8,9,-60,-51,-66,-45,-73,-45,-86,-82,-93,-61,-150,-93,-89,-96,-203,-97,-83,-78,-96,-84,-86,-88,-101,-53,-152,-98,-182,-174,-195,-194,-235,-222,-223,-194,-212,-138,-148,-140,-174,-166,-187,-160,-168,-171,-168,-156,-145,-157,-177,-170,-184,-183,-202,-187,-241,-240,-235,-243,-229,-235,-354,-355,-329,-338,-350,-353,-403,-397,-596,-588,-568,-570,-572,-568,-568,-561,-560,-507,-501,-496,-463,-448,-1777,-1701,-1313,-1041,-648,-418,-29977,-29978,-29978,-29979,-29979,-29980,-29980,-29981,-29981,-29982,-29982,-29983,-29983,-29984,-29984,-29985,-29985,-29986]} 1. d4 Nf6 2. c4 e6 3. g3 c5 4. Nf3 cxd4 5. Nxd4 Qc7 6. Nc3 a6 {LiveBook: 405 Games} 7. Be3 {A32: Symmetrical English: 2 Nf3 Nf6 3 d4 cxd4 4 Nxd4 e6} (7. Bg2 Qxc4 8. O-O Nc6 9. Nb3 d5 10. Bf4 Be7 11. Rc1 Qb4 12. Bc7 O-O 13. a3 Qg4 14. h3 Qg6 15. Na4 Bd8 16. Bxd8 Rxd8 {½-½ (27) Dubov,D (2694)-Oparin,G (2607) Moscow 2018}) 7... Nc6 {[%cal Bb8c6,Bc6e5,Be5g4][%mdl 32]} 8. Bg2 $146 ({Predecessor:} 8. Rc1 Ng4 9. Bf4 e5 10. Nd5 Qd8 11. Bh3 Nf6 12. Nxc6 dxc6 13. Nxf6+ Qxf6 14. Bxc8 Rxc8 15. Be3 Bb4+ 16. Kf1 Qe7 {½-½ (16) Chellstorp,C-Kaplan,J Houston 1974}) 8... Ng4 9. O-O (9. Qd2 $11) 9... Nxe3 $15 10. fxe3 Be7 11. Rc1 O-O 12. Kh1 Ne5 13. Na4 d6 14. b4 (14. c5 $15) 14... Bd7 (14... Ng4 $142 15. Rc3 Bg5) 15. c5 $17 Ng4 16. Rc3 {[#]} (16. c6 $17 Bxc6 17. Nxc6 bxc6 18. Rxc6) 16... Bxa4 (16... a5 $1 $19 {[%cal Ra5b4] is more deadly.} 17. c6 axb4 18. cxb7 bxc3 19. bxa8=Q Rxa8 20. Bxa8 Nxe3) 17. Qxa4 d5 18. Bf3 Ne5 19. Qc2 Bf6 20. Rb3 Nc4 21. Qd3 (21. Rd1 $15) 21... b6 ({Better is} 21... Rfd8 22. Rbb1 a5) 22. cxb6 (22. e4 $17 bxc5 23. exd5 cxd4 24. Rc1) 22... Qxb6 $19 23. Rd1 Rac8 24. b5 axb5 25. Rxb5 Qa6 26. Qb3 {[#]} Nxe3 $1 {[%mdl 512]} 27. Qxe3 Bxd4 $1 28. Qb3 Rc3 29. Qb4 {And now Ra5 would win.} Rc4 30. Qa5 Qc6 {aiming for ...Ra8.} 31. Rb4 Bc3 32. Rxc4 Qxc4 (32... Bxa5 $2 {perishes.} 33. Rxc6 g6 34. e4 $18) 33. Qa7 g6 34. Rc1 e5 {[%cal Be6e5,Be5e4][%mdl 32]} 35. Qe3 Rc8 36. Qd3 (36. a4 {keeps fighting.}) 36... e4 37. Qxc4 Rxc4 {[%mdl 4096] Endgame KRB-KRB} 38. Bg2 f5 {[%cal Bf7f5,Bf5g4][%mdl 32]} 39. g4 (39. Bf1 $142) 39... Be5 ({Don't do} 39... fxg4 40. h3 $19) 40. Rd1 fxg4 41. Bf1 d4 42. Bg2 Rc2 43. Re1 (43. Bxe4 $142 Rxe2 44. Bd5+ Kg7 45. Kg1) 43... d3 44. exd3 exd3 45. Rd1 Kg7 46. a4 d2 {( -> ...Rc1)} 47. Bf1 Rc1 48. Be2 h5 {[%cal Bh7h5,Bh5h4][%mdl 32]} 49. a5 Bf4 50. a6 (50. Kg2 $142) 50... Be3 51. Kg2 Kh6 52. Kg3 Kg5 {Strongly threatening ...h4+.} 53. h3 (53. h4+ $19 gxh3 54. Kxh3) 53... h4+ {Black mates.} 54. Kg2 Rxd1 55. Bxd1 {[#] KB-KB} g3 $1 56. Bg4 Kf4 57. Be2 Ba7 58. Bf3 Ke3 59. Kf1 Kd3 60. Bd1 Kc3 61. Kg2 Kb2 {Precision: White = 30%, Black = 77%.} 0-1

[Event "WYCC 2018 O18"]
[Site "Halkidiki"]
[Date "2018.10.24"]
[Round "6"]
[White "Burovic, Rijad"]
[Black "Rengifo Blancas, Renzo Jhonathan"]
[Result "0-1"]
[WhiteElo "2380"]
[BlackElo "2123"]
[Annotator "NA"]
[PlyCount "98"]
[EventDate "2018.10.20"]
[EventType "swiss"]
[EventCountry "GRE"]
[SourceTitle "playchess.com"]
[Source "ChessBase"]
[SourceQuality "1"]
[TimeControl "40/5400+30:1800+30"]

1. e4 {[%emt 0:01:34]} e5 {[%emt 0:00:00]} 2. Nf3 {[%emt 0:00:26]} Nc6 {[%emt 0:00:00]} 3. d4 {[%emt 0:00:14]} exd4 {[%emt 0:00:00]} 4. Nxd4 {[%emt 0:00:09]} Nf6 {[%emt 0:00:48]} 5. Nxc6 {[%emt 0:01:49]} bxc6 {[%emt 0:00:04]} 6. e5 {[%emt 0:00:21]} Qe7 {[%emt 0:00:15]} 7. Qe2 {[%emt 0:00:10]} Nd5 {[%emt 0:00:05]} 8. c4 {[%emt 0:02:26]} Nb6 {[%emt 0:00:49]} 9. Nc3 {[%emt 0:02:28]} Qe6 {[%emt 0:02:27]} 10. Qe4 {[%emt 0:01:10]} d5 {[%emt 0:37:55] C45: Scotch Game} (10... g6 11. Bd2 Ba6 12. c5 Nc4 13. Bg5 Bxc5 14. O-O-O O-O 15. Qf4 d5 16. exd6 Bxd6 17. Rxd6 cxd6 18. Bf6 d5 19. b3 Rab8 20. Be2 c5 21. Rd1 Rfe8 22. Nxd5 {1-0 (22) Van Foreest,J (2629)-Tari,A (2599) Wijk aan Zee 2018}) 11. exd6 $1 {[%emt 0:02:01] LiveBook: 56 Games} cxd6 {[%emt 0:00:49]} 12. Be3 {[%emt 0:10:17]} Qxe4 {[%emt 0:06:49]} 13. Nxe4 {[%emt 0:00:12]} d5 {[%emt 0:11:35]} 14. cxd5 {[%emt 0:07:22]} Nxd5 {[%emt 0:01:09]} 15. Bc5 {[%emt 0:04:52]} Bf5 {[%emt 0:04:03]} 16. Bxf8 {[%emt 0:06:18]} Kxf8 {[%emt 0:00:06]} 17. Nd6 {[%emt 0:02:43]} Bg6 $146 {[%emt 0:02:08]} ({Predecessor:} 17... Be6 18. O-O-O {½-½ (40) Kumar,G (2231)-Khusenkhojaev,M (2451) Bhopal 2017}) 18. O-O-O {[%emt 0:03:33]} Ke7 {[%emt 0:01:07]} 19. Nb7 {[%emt 0:15:23]} Rab8 {[%emt 0:09:53]} 20. Na5 {[%emt 0:01:51]} Rhc8 {[%emt 0:03:55]} 21. Bc4 {[%emt 0:01:26]} Rb5 {[%emt 0:02:57]} 22. Nb3 {[%emt 0:07:39]} Rb4 {[%emt 0:03:29]} 23. Rhe1+ {[%emt 0:03:13]} Kd6 {[%emt 0:00:44]} 24. Rd4 {[%emt 0:01:38]} Ra4 {[%emt 0:05:37]} 25. a3 {[%emt 0:07:27]} Rb8 {[%emt 0:00:05]} 26. Nd2 {[%emt 0:01:04]} Kc5 {[%emt 0:00:34]} 27. Rh4 {[%emt 0:00:42]} a5 {[%emt 0:02:07]} 28. b3 {[%emt 0:01:53]} Rxa3 {[%emt 0:00:41]} 29. Kb2 {[%emt 0:07:25]} Ra4 {[%emt 0:00:03]} 30. Ne4+ {[%emt 0:00:54]} Bxe4 {[%emt 0:00:03]} 31. Rexe4 {[%emt 0:00:43]} Rab4 {[%emt 0:00:33]} 32. Ka3 {[%emt 0:00:41]} f5 {[%emt 0:00:58]} 33. Re1 {[%emt 0:04:24]} a4 {[%emt 0:00:17]} 34. Rc1 {[%emt 0:00:50]} Kd6 {[%emt 0:01:14]} 35. Rh3 {[%emt 0:00:47]} axb3 {[%emt 0:00:58]} 36. Rxb3 {[%emt 0:01:07]} Rxb3+ {[%emt 0:02:17]} 37. Bxb3 {[%emt 0:00:01]} Re8 {[%emt 0:00:45]} 38. Ba4 $17 {[%emt 0:01:04]} Rc8 {[%emt 0:00:16]} 39. Rb1 {[%emt 0:00:00]} Ra8 {[%emt 0:00:00]} 40. Rb3 {[%emt 0:01:10]} Kc5 {[%emt 0:00:54]} 41. Rf3 {[%emt 0:02:33]} Nb6 {[%emt 0:06:43]} 42. Rxf5+ {[%emt 0:01:02]} Kd4 {[%emt 0:03:36]} 43. Rf7 {[%emt 0:02:39]} Kc3 {[%emt 0:02:49]} 44. Rf3+ {[%emt 0:04:48]} Kd2 {[%emt 0:00:14]} 45. Rf7 {[%emt 0:00:34]} Rxa4+ {[%emt 0:00:32]} 46. Kb3 {[%emt 0:00:01]} Rg4 {[%emt 0:00:16]} 47. g3 {[%emt 0:00:01]} c5 {[%emt 0:01:02]} 48. Rb7 {[%emt 0:01:09]} Rb4+ {[%emt 0:01:51]} 49. Ka2 {[%emt 0:00:06]} Kc2 {[%emt 0:00:10]} 0-1

[Event "WYCC 2018 O18"]
[Site "Halkidiki"]
[Date "2018.10.24"]
[Round "6"]
[White "Muha, Miljenko"]
[Black "Giesinger, Elias"]
[Result "1/2-1/2"]
[WhiteElo "2365"]
[BlackElo "2131"]
[Annotator "NA"]
[PlyCount "62"]
[EventDate "2018.10.20"]
[EventType "swiss"]
[EventCountry "GRE"]
[SourceTitle "playchess.com"]
[Source "ChessBase"]
[SourceQuality "1"]
[TimeControl "40/5400+30:1800+30"]

1. d4 {[%emt 0:00:00]} Nf6 {[%emt 0:00:00]} 2. c4 {[%emt 0:00:00]} e6 {[%emt 0:00:00]} 3. Nf3 {[%emt 0:00:09]} d5 {[%emt 0:01:22]} 4. e3 {[%emt 0:00:18]} Be7 {[%emt 0:01:45]} 5. b3 {[%emt 0:00:08]} O-O {[%emt 0:01:49]} 6. Bb2 {[%emt 0:01:47]} b6 {[%emt 0:01:11]} 7. Bd3 {[%emt 0:01:37] LiveBook: 59 Games} Bb7 {[%emt 0:00:27]} 8. O-O {[%emt 0:01:12]} Nbd7 {[%emt 0:02:32]} 9. Nbd2 {[%emt 0:01:16]} Ne4 {[%emt 0:05:44] D05: Colle System with ...e6} 10. cxd5 {[%emt 0:04:15]} (10. Qc2 f5 11. Ne5 Nxe5 12. dxe5 Nxd2 13. Qxd2 dxc4 14. bxc4 Be4 15. Rfd1 Bxd3 16. Qc3 Qe8 17. Rxd3 {1-0 (95) Nakamura,H (2777)-Hou,Y (2658) chess.com INT 2018}) 10... exd5 {[%emt 0:03:13]} 11. Ne5 {[%emt 0:05:07]} Bd6 {[%emt 0:18:45]} 12. f4 {[%emt 0:02:31]} Qe7 {[%emt 0:03:06]} 13. Ndf3 $146 {[%emt 0:22:59]} ({Predecessor:} 13. Nxe4 dxe4 14. Be2 Nf6 15. Nc4 Rfd8 16. Nxd6 Qxd6 17. a4 a5 {0-1 (51) Rashkovsky,N (2530)-Gurevich,M (2625) Moscow 1992}) 13... f6 {[%emt 0:08:48]} 14. Nxd7 {[%emt 0:03:31]} Qxd7 {[%emt 0:01:35]} 15. Qe1 {[%emt 0:05:29]} a5 {[%emt 0:09:56]} 16. a4 {[%emt 0:00:38]} Ba6 {[%emt 0:01:14]} 17. Bxa6 {[%emt 0:02:52]} Rxa6 {[%emt 0:01:32]} 18. Qh4 {[%emt 0:01:03]} ({White should try} 18. Ba3 $15) 18... c5 {[%emt 0:04:21]} 19. dxc5 {[%emt 0:02:21]} bxc5 {[%emt 0:07:32]} 20. Rfd1 {[%emt 0:11:27]} Qe6 {[%emt 0:03:56]} 21. Qh5 {[%emt 0:02:09]} Rb6 {[%emt 0:01:07]} 22. Qxd5 {[%emt 0:06:55]} Qxd5 {[%emt 0:00:14]} 23. Rxd5 {[%emt 0:00:07]} Rxb3 {[%emt 0:00:45]} 24. Bc1 {[%emt 0:02:25]} Rfb8 {[%emt 0:01:07]} 25. Nd2 {[%emt 0:01:44]} Nxd2 {[%emt 0:00:56]} 26. Bxd2 {[%emt 0:02:58]} Rb1+ $11 {[%emt 0:00:56]} 27. Rxb1 {[%emt 0:00:19]} Rxb1+ {[%emt 0:00:05]} 28. Kf2 {[%emt 0:00:05]} Bf8 {[%emt 0:00:23]} 29. Bxa5 {[%emt 0:02:06]} Ra1 {[%emt 0:00:38]} 30. Bb6 {[%emt 0:07:54]} Rxa4 {[%emt 0:00:05]} 31. Kf3 {[%emt 0:01:03]} Ra6 {[%emt 0:02:27]} 1/2-1/2

[Event "WYCC 2018 O18"]
[Site "Halkidiki"]
[Date "2018.10.24"]
[Round "6"]
[White "Agmanov, Zhandos"]
[Black "Livaic, Leon"]
[Result "1/2-1/2"]
[WhiteElo "2354"]
[BlackElo "2481"]
[Annotator "TA"]
[PlyCount "83"]
[EventDate "2018.10.20"]
[EventType "swiss"]
[EventCountry "GRE"]
[SourceTitle "playchess.com"]
[Source "ChessBase"]
[SourceQuality "1"]

{[%evp 30,83,43,38,62,0,0,0,0,0,0,-36,-35,-100,0,0,0,0,57,47,53,76,74,105,206,86,73,74,75,72,81,51,72,0,125,125,97,0,60,0,70,85,82,92,92,0,0,0,25,0,138,135,144,137,146,0]} 1. e4 c5 2. Nf3 d6 3. d4 cxd4 4. Nxd4 Nf6 5. Nc3 a6 6. Be3 e5 7. Nb3 Be7 8. f3 Be6 9. Qd2 O-O 10. O-O-O a5 11. a4 Na6 12. g4 Nb4 13. Kb1 {B90: Sicilian Najdorf: Unusual White 6th moves, 6 Be3 Ng4 and 6 Be3 e5} (13. g5 Nh5 14. Bb5 Rc8 15. Kb1 f5 16. gxf6 Nxf6 17. Rhg1 d5 18. Bh6 Rf7 19. Qg5 Ng4 20. Qh5 Nxh6 21. Qxh6 {1-0 (41) Yu,Y (2759)-Gao,R (2561) Tianjin 2018}) 13... Rc8 14. g5 Nh5 15. Rg1 Qc7 16. Bb5 {LiveBook: 4 Games} f5 {[%cal Bf7f5,Bf5f4][%mdl 32]} 17. g6 (17. h4 $14) 17... f4 $11 18. gxh7+ Kh8 $146 ({Predecessor:} 18... Kxh7 19. Bf2 Rfd8 20. Nd5 Qxc2+ 21. Qxc2 Rxc2 {½-½ (44) Aroshidze,L (2525)-Shyam,S (2485) Sitges 2015}) 19. Bf2 $1 Nf6 $1 20. Be1 d5 $1 21. exd5 (21. Qg2 $15 Rf7 22. exd5) 21... Bf5 (21... Nfxd5 $17 22. Nxd5 (22. Qg2 Bf6 $15) 22... Nxd5) 22. Rc1 $1 Rfd8 {[%cal Rf6d5]} 23. Qg2 {[%csl Gg1][%cal Rg2g7] [#]} g6 ({Black should play} 23... Bf8 $1 $11) 24. Qe2 $14 Nfxd5 25. Nxd5 Nxd5 26. Bd3 $36 {[%mdl 2048] White is on the roll.} Bb4 (26... Bf6 $16 {is a better defense.}) 27. Bh4 (27. Bxf5 $18 {has better winning chances.} gxf5 28. c3) 27... Be7 $16 28. Bxe7 Qxe7 29. Bxf5 ({Of course not} 29. Nxa5 Qb4 $11) 29... gxf5 30. Qg2 Qxh7 31. Rcd1 (31. c4 $16 Ne3 32. Qg5) 31... Rg8 (31... b6 $1 $11) 32. Qd2 Ne3 33. Qxa5 (33. Qd6 $16 Nxd1 34. Qxe5+ Rg7 35. Rxd1) 33... Qe7 ({Better is} 33... Qc7 $11 34. Qxc7 Rxc7 35. Rxg8+ Kxg8 36. Rd8+ Kh7) 34. Rde1 (34. Rxg8+ $14 Kxg8 35. Rg1+ Kf7 36. c3) 34... Qe6 (34... Qc7 $11 35. Rxg8+ Kxg8) 35. Rxg8+ $14 Kxg8 36. Qb5 b6 37. a5 (37. Rg1+ $16 Kh8 38. a5 bxa5 39. Qb7) 37... bxa5 $11 38. Qb7 Kh8 39. Nc5 Rxc5 (39... Qc6 $1 $11 {remains equal.} 40. Qxc6 Rxc6) 40. Rg1 $16 {[%csl Gg1][%cal Rb7g7] [#] White is clearly better.} Ng4 41. fxg4 Qc4 ({Don't go for} 41... fxg4 $2 42. Rd1 $18) 42. gxf5 {Precision: White = 36%, Black = 60%.} (42. Qb8+ $16 Kh7 43. Qe8 Qxc2+ 44. Ka1) 1/2-1/2

[Event "WYCC 2018 O18"]
[Site "Halkidiki"]
[Date "2018.10.24"]
[Round "6"]
[White "Tran, Minh Thang"]
[Black "Makhnev, Denis"]
[Result "1/2-1/2"]
[WhiteElo "2341"]
[BlackElo "2442"]
[Annotator "TA"]
[PlyCount "37"]
[EventDate "2018.10.20"]
[EventType "swiss"]
[EventCountry "GRE"]
[SourceTitle "playchess.com"]
[Source "ChessBase"]
[SourceQuality "1"]

{[%evp 21,37,23,29,29,32,31,32,21,40,20,38,43,48,45,41,12,18,34]} 1. d4 d5 2. c4 dxc4 3. e3 e5 4. Bxc4 exd4 5. exd4 Bd6 6. Nf3 Nf6 7. Qe2+ {D20: Queen's Gambit Accepted: 3 e3 and 3 e4} Qe7 8. Qxe7+ Bxe7 9. O-O O-O 10. Re1 Bd6 11. Nc3 a6 {LiveBook: 15 Games} 12. Bg5 {[%cal Bc1g5,Bg5h4,Bh4g3][%mdl 32]} Nbd7 13. Bb3 (13. a4 h6 14. Bh4 g5 15. Bg3 Kg7 16. Bb3 Re8 17. Ne5 Re7 {½-½ (17) Li,C (2724)-Alekseenko,K (2625) Qinhuangdao 2018}) 13... h6 14. Bh4 b5 {[#]} 15. Nd5 $146 g5 16. Bg3 Nxd5 17. Bxd5 Rb8 18. Rac1 Nf6 19. Bb3 1/2-1/2

[Event "WYCC 2018 O18"]
[Site "Halkidiki"]
[Date "2018.10.24"]
[Round "6"]
[White "Roshka, Yevgeniy"]
[Black "Bratkovic, Jakob"]
[Result "1-0"]
[WhiteElo "2328"]
[BlackElo "2242"]
[Annotator "NA"]
[PlyCount "71"]
[EventDate "2018.10.20"]
[EventType "swiss"]
[EventCountry "GRE"]
[SourceTitle "playchess.com"]
[Source "ChessBase"]
[SourceQuality "1"]
[TimeControl "40/5400+30:1800+30"]

1. Nf3 {[%emt 0:00:00]} Nf6 {[%emt 0:02:25]} 2. g3 {[%emt 0:00:02]} e6 {[%emt 0:02:26]} 3. Bg2 {[%emt 0:00:06]} c5 {[%emt 0:01:39]} 4. O-O {[%emt 0:01:11]} Nc6 {[%emt 0:00:28]} 5. d4 {[%emt 0:02:10]} d5 {[%emt 0:03:29]} 6. c4 {[%emt 0:01:56]} dxc4 {[%emt 0:02:37]} 7. Qa4 {[%emt 0:00:51]} Bd7 {[%emt 0:02:27] LiveBook: 588 Games} 8. Qxc4 {[%emt 0:05:44]} b5 {[%emt 0:11:36]} 9. Qd3 {[%emt 0:04:22]} c4 {[%emt 0:02:40]} 10. Qd1 {[%emt 0:00:09]} Rc8 {[%emt 0:00:30]} 11. e4 {[%emt 0:03:47] E04: Open Catalan: 5 Nf3} (11. b3 Na5 12. Ne5 cxb3 13. axb3 Rxc1 14. Qxc1 Nxb3 15. Qb2 Nxa1 16. Qxa1 Bd6 17. Qxa7 O-O 18. Nxd7 Nxd7 {½-½ (77) Yu,Y (2751)-Harikrishna,P (2744) Huaian 2017}) 11... Nxe4 {[%emt 0:07:01]} 12. Re1 {[%emt 0:00:08]} Nf6 {[%emt 0:04:53]} 13. d5 {[%emt 0:00:57]} Nb4 {[%emt 0:00:27]} 14. Ng5 $146 {[%emt 0:01:43]} ({Predecessor:} 14. Ne5 Nbxd5 15. Nc3 Nxc3 16. bxc3 Be7 17. Qd4 Qb6 18. Qh4 Rc7 {0-1 (46) Weinberger,T-Horowitz,I New York,NY 1968}) 14... Bc5 {[%emt 0:03:48]} 15. dxe6 {[%emt 0:01:10]} Bxe6 {[%emt 0:03:18]} 16. Nxe6 {[%emt 0:04:49]} Qxd1 {[%emt 0:01:54]} 17. Nxg7+ {[%emt 0:02:26]} Kf8 {[%emt 0:00:28]} 18. Rxd1 {[%emt 0:00:07]} Kxg7 {[%emt 0:03:12]} 19. Nc3 {[%emt 0:01:12]} Nd3 {[%emt 0:01:25]} 20. Nxb5 {[%emt 0:04:24]} Nxf2 {[%emt 0:00:50]} 21. Rf1 {[%emt 0:00:32]} N6g4 {[%emt 0:05:21]} 22. Bd5 {[%emt 0:03:37]} Bb6 {[%emt 0:08:22]} 23. Kg2 {[%emt 0:01:25]} Nf6 {[%emt 0:01:46]} 24. Bf3 {[%emt 0:01:33]} Nd3 {[%emt 0:00:13]} 25. Bd2 {[%emt 0:05:08]} Rc5 {[%emt 0:05:15]} 26. a4 {[%emt 0:03:35]} Nd5 $2 {[%emt 0:02:52]} (26... a6 $1 $14) 27. Nd6 {[%emt 0:04:14]} c3 {[%emt 0:04:22]} 28. bxc3 {[%emt 0:01:13]} Nxc3 {[%emt 0:00:20]} 29. Ra3 {[%emt 0:01:43]} Rd8 {[%emt 0:01:51]} 30. Bxc3+ {[%emt 0:00:18]} Rxc3 {[%emt 0:00:04]} 31. Nf5+ $18 {[%emt 0:00:20]} Kf6 {[%emt 0:00:35]} 32. Rxc3 {[%emt 0:00:05]} Ba5 {[%emt 0:00:04]} 33. Rc6+ {[%emt 0:00:55]} Kxf5 {[%emt 0:00:08]} 34. Be2+ {[%emt 0:00:08]} Ke4 {[%emt 0:00:05]} 35. Bxd3+ {[%emt 0:00:33]} Rxd3 {[%emt 0:00:04]} 36. Rxf7 {[%emt 0:00:08]} 1-0

[Event "WYCC 2018 O18"]
[Site "Halkidiki"]
[Date "2018.10.24"]
[Round "6"]
[White "Szustakowski, Antoni"]
[Black "Asllani, Muhamet"]
[Result "1-0"]
[WhiteElo "2319"]
[BlackElo "2148"]
[Annotator "NA"]
[PlyCount "57"]
[EventDate "2018.10.20"]
[EventType "swiss"]
[EventCountry "GRE"]
[SourceTitle "playchess.com"]
[Source "ChessBase"]
[SourceQuality "1"]
[TimeControl "40/5400+30:1800+30"]

1. d4 {[%emt 0:00:00]} Nf6 {[%emt 0:00:00]} 2. c4 {[%emt 0:00:00]} e5 {[%emt 0:00:00]} 3. dxe5 {[%emt 0:00:00]} Ng4 {[%emt 0:00:00]} 4. Bf4 {[%emt 0:00:00]} Nc6 {[%emt 0:00:54]} 5. Nf3 {[%emt 0:00:07]} Bb4+ {[%emt 0:00:57]} 6. Nc3 {[%emt 0:00:11]} Qe7 {[%emt 0:00:33]} 7. Qd5 {[%emt 0:00:13]} d6 {[%emt 0:01:18]} 8. exd6 {[%emt 0:03:13]} cxd6 {[%emt 0:01:00]} 9. a3 {[%emt 0:14:58]} Be6 {[%emt 0:01:02]} 10. Qd2 {[%emt 0:00:43]} Bc5 {[%emt 0:00:29]} 11. e3 {[%emt 0:00:18]} a5 {[%emt 0:07:03]} 12. Nd5 {[%emt 0:13:00]} Qd8 {[%emt 0:00:23]} 13. Qc3 {[%emt 0:04:41]} f6 {[%emt 0:01:49]} 14. Nd4 $18 {[%emt 0:04:43]} Bf7 {[%emt 0:03:57]} 15. Be2 {[%emt 0:02:16]} Nge5 {[%emt 0:00:09]} 16. O-O {[%emt 0:00:07]} O-O {[%emt 0:00:11]} 17. b4 {[%emt 0:03:53]} axb4 {[%emt 0:15:31]} 18. axb4 {[%emt 0:00:16]} Rxa1 {[%emt 0:00:06]} 19. Rxa1 {[%emt 0:00:06]} Bxd5 {[%emt 0:10:42]} 20. bxc5 {[%emt 0:03:12]} dxc5 {[%emt 0:07:08]} 21. cxd5 {[%emt 0:03:36]} cxd4 {[%emt 0:00:19]} 22. exd4 {[%emt 0:00:07]} Ng6 {[%emt 0:02:36]} 23. dxc6 {[%emt 0:01:38]} Nxf4 {[%emt 0:00:05]} 24. Bc4+ {[%emt 0:00:09]} Kh8 {[%emt 0:00:27]} 25. cxb7 {[%emt 0:00:33]} Qb6 {[%emt 0:02:03]} 26. Qb3 {[%emt 0:00:16]} Qc7 {[%emt 0:02:23]} 27. Ra8 {[%emt 0:00:10]} Rb8 {[%emt 0:00:12]} 28. Rxb8+ {[%emt 0:00:12]} Qxb8 {[%emt 0:00:16]} 29. Qa3 {[%emt 0:00:10]} 1-0